ESSENTIALS OF CLINICAL PATHOLOGY (Record no. 6638)
[ view plain ]
| 000 -LEADER | |
|---|---|
| fixed length control field | 00353nam a2200145Ia 4500 |
| 008 - FIXED-LENGTH DATA ELEMENTS--GENERAL INFORMATION | |
| fixed length control field | 150301s2012 xx 000 0 und d |
| 082 ## - DEWEY DECIMAL CLASSIFICATION NUMBER | |
| Classification number | 616.07 |
| Item number | E12K |
| 100 ## - MAIN ENTRY--PERSONAL NAME | |
| Personal name | KAWTHALKAR, SHIRISH M. |
| 245 ## - TITLE STATEMENT | |
| Title | ESSENTIALS OF CLINICAL PATHOLOGY |
| 250 ## - EDITION STATEMENT | |
| Edition statement | 1ST |
| 260 ## - PUBLICATION, DISTRIBUTION, ETC. (IMPRINT) | |
| Name of publisher, distributor, etc. | JAYPEE |
| Place of publication, distribution, etc. | DELHI |
| Date of publication, distribution, etc. | 2012 |
| 300 ## - PHYSICAL DESCRIPTION | |
| Extent | 376 |
| 650 ## - SUBJECT ADDED ENTRY--TOPICAL TERM | |
| Topical term or geographic name as entry element | PATHOLOGY |
| 942 ## - ADDED ENTRY ELEMENTS (KOHA) | |
| Source of classification or shelving scheme | Dewey Decimal Classification |
| Koha item type | Books |
| Koha issues (borrowed), all copies | 28 |
| Withdrawn status | Lost status | Source of classification or shelving scheme | Damaged status | Not for loan | Collection code | Home library | Current library | Shelving location | Date acquired | Source of acquisition | Cost, normal purchase price | SGTU | Bill Number | Total Checkouts | Full call number | Barcode | Date last seen | Date last checked out | Bill Date | Koha item type |
|---|---|---|---|---|---|---|---|---|---|---|---|---|---|---|---|---|---|---|---|---|
| Dewey Decimal Classification | MEDICAL | SGT Medical Library | SGT Medical Library | Text Book | 02/07/2015 | ABC DELHI | 595.00 | SGTU | 4960 | 23 | 616.07 E12K | FM6771 | 06/03/2026 | 06/02/2026 | 25/10/2014 | Books | ||||
| Dewey Decimal Classification | MEDICAL | SGT Medical Library | SGT Medical Library | Text Book | 02/07/2015 | ABC DELHI | 595.00 | SGTU | 4960 | 25 | 616.07 E12K | FM6772 | 08/05/2026 | 29/04/2026 | 25/10/2014 | Books | ||||
| Dewey Decimal Classification | MEDICAL | SGT Medical Library | SGT Medical Library | Text Book | 02/07/2015 | ABC DELHI | 595.00 | SGTU | 4960 | 24 | 616.07 E12K | FM6773 | 21/08/2025 | 28/07/2025 | 25/10/2014 | Books | ||||
| Dewey Decimal Classification | MEDICAL | SGT Medical Library | SGT Medical Library | Text Book | 02/07/2015 | ABC DELHI | 595.00 | SGTU | 4960 | 31 | 616.07 E12K | FM6774 | 12/06/2025 | 19/05/2025 | 25/10/2014 | Books | ||||
| Dewey Decimal Classification | MEDICAL | SGT Medical Library | SGT Medical Library | Text Book | 02/07/2015 | ABC DELHI | 595.00 | SGTU | 4960 | 25 | 616.07 E12K | FM6775 | 10/06/2025 | 31/05/2025 | 25/10/2014 | Books |